000 00408nam a22001577a 4500
999 _c10510
_d10510
003 OSt
008 210223b ||||| |||| 00| 0 eng d
020 _a9781471195709
082 _a158.1 COT
100 _aCOVEY, Stephen R.
245 _aThe 7 Habits of Highly Effective People Personal
260 _aNew Delhi
_bSimon & Schuster
_c2020
300 _a440
650 _aGeneral Books
942 _2ddc
_cBK
_011